| 000 | 01218nac a22002771u 4500 | ||
|---|---|---|---|
| 010 | _a 98048329 | ||
| 020 | _a0521465575 (hardback) | ||
| 020 | _a0521469600 (paperback) | ||
| 082 | 0 | 0 |
_a327 _bWEN |
| 090 |
_c8576 _d8576 |
||
| 100 | _aWendt, Alexander, | ||
| 245 | 1 | 0 |
_aSocial theory of international politics / _cAlexander Wendt. |
| 260 |
_aCambridge, UK ; _aNew York : _bCambridge University Press,C.1999. _cC.1999. |
||
| 300 |
_axv, 429 p. ; _c24 cm. |
||
| 440 | 0 |
_aCambridge studies in international relations ; _v67 |
|
| 500 | _aDistributer: Baccah. | ||
| 504 | _aIncludes bibliographical references (p. 379-419) and index. | ||
| 511 | _aCatalogued By: Mahitab. | ||
| 650 | 0 |
_aInternational relations _xSociological aspects. |
|
| 650 | 0 |
_aInternational relations _xPhilosophy. |
|
| 856 | 4 | 1 |
_3Sample text _uhttp://www.loc.gov/catdir/samples/cam032/98048329.html |
| 856 | 4 | 1 |
_3Publisher description _uhttp://www.loc.gov/catdir/description/cam029/98048329.html |
| 856 | 4 | 1 |
_3Table of contents _uhttp://www.loc.gov/catdir/toc/cam022/98048329.html |
| 942 |
_cBB _k327WEN |
||
| 999 |
_c8576 _d8576 |
||